[Event "Toronto"]
[Site "Toronto"]
[Date "2010.03.26"]
[Round "1"]
[White "Semyonov, Vladimir"]
[Black "Kimelman, Michael"]
[Result "0-1"]
[WhiteElo "2053"]
[BlackElo "2249"]
[PlyCount "106"]
[EventDate "2010.03.23"]
[EventType "tourn"]
[EventRounds "9"]
[EventCountry "CAN"]
[SourceTitle "EXT 2022"]
[Source "ChessBase"]
[SourceDate "2021.10.06"]
[SourceVersion "1"]
[SourceVersionDate "2021.10.06"]
[SourceQuality "1"]

1. e4 c5 2. c3 Nf6 3. e5 Nd5 4. Nf3 e6 5. d4 Nc6 6. a3 d6 7. Bd3 Be7 8. 0-0 0-0 9. Qe2 Re8 10. c4 Nc7 11. Qe4 g6 12. exd6 Bxd6 13. dxc5 Bxc5 14. Rd1 e5 15. Qe2 Qe7 16. Nc3 Bg4 17. Be3 Nd4 18. Bxd4 Bxd4 19. Re1 Bxc3 20. bxc3 f5 21. Qxe5 Qd8 22. Qd4 Bxf3 23. Rxe8+ Qxe8 24. gxf3 Rd8 25. Qf4 Qe7 26. Bc2 Ne6 27. Re1 Qf6 28. Qe3 Re8 29. c5 f4 30. Qe5 Qxe5 31. Rxe5 Kf7 32. Bb3 Kf6 33. Re4 g5 34. h4 h6 35. hxg5+ hxg5 36. Kf1 Re7 37. c6 bxc6 38. Bxe6 Rxe6 39. Ra4 Re7 40. Ra6 Rc7 41. Ke2 Ke5 42. Kd3 Kd5 43. c4+ Ke5 44. Ra5+ c5 45. Ra6 Rb7 46. Kc3 Rc7 47. Rg6 Kf5 48. Rd6 Re7 49. Rd5+ Re5 50. a4 Rxd5 51. cxd5 Ke5 52. Kc4 Kd6 53. a5 a6 0-1

[Event "Toronto"]
[Site "Toronto"]
[Date "2010.03.23"]
[Round "5"]
[White "Kimelman, Michael"]
[Black "Wajdy, Shebetah"]
[Result "1-0"]
[WhiteElo "2249"]
[BlackElo "2226"]
[PlyCount "105"]
[EventDate "2010.03.23"]
[EventType "tourn"]
[EventRounds "9"]
[EventCountry "CAN"]
[SourceTitle "EXT 2022"]
[Source "ChessBase"]
[SourceDate "2021.10.06"]
[SourceVersion "1"]
[SourceVersionDate "2021.10.06"]
[SourceQuality "1"]

1. e4 e6 2. d4 d5 3. Nd2 Be7 4. Bd3 Nc6 5. c3 dxe4 6. Nxe4 e5 7. Ne2 exd4 8. Nxd4 Nxd4 9. cxd4 Nf6 10. 0-0 0-0 11. Be3 Qd5 12. Nc3 Qa5 13. h3 c6 14. Qf3 Be6 15. a3 Rad8 16. b4 Qh5 17. Qxh5 Nxh5 18. d5 cxd5 19. Bxa7 Nf4 20. Rfd1 Bf6 21. Rac1 Ra8 22. Bc5 Rfc8 23. Nb5 b6 24. Be3 Rxc1 25. Bxc1 Nxd3 26. Rxd3 Rc8 27. Be3 Be5 28. g3 Bxh3 29. Rxd5 f6 30. Bxb6 Rc1+ 31. Kh2 Bf5 32. Be3 Rb1 33. Nd6 Be6 34. Rd2 Rb3 35. Nb5 Bg4 36. Kg2 Bb2 37. Nd4 Bxd4 38. Rxd4 Be2 39. a4 h5 40. b5 Kh7 41. b6 Ba6 42. Rd7 Bc4 43. a5 Bb5 44. Rc7 Bd3 45. Kf3 f5 46. Kf4 Rb4+ 47. Ke5 Rb5+ 48. Rc5 Rb3 49. Kd6 Kg6 50. Kc7 Ba6 51. Kb8 Bf1 52. Ka7 Bg2 53. a6 1-0

[Event "Toronto-A2"]
[Site "Toronto"]
[Date "2009.02.24"]
[Round "5"]
[White "Calugar, Arthur"]
[Black "Kimelman, Michael"]
[Result "0-1"]
[WhiteElo "2226"]
[BlackElo "2273"]
[PlyCount "118"]
[EventDate "2009.01.27"]
[EventType "tourn"]
[EventRounds "9"]
[EventCountry "CAN"]
[SourceTitle "EXT 2011"]
[Source "ChessBase"]
[SourceDate "2010.11.26"]
[SourceVersion "1"]
[SourceVersionDate "2010.11.26"]
[SourceQuality "1"]

1. Nf3 Nf6 2. c4 e6 3. Nc3 Bb4 4. Qc2 0-0 5. a3 Bxc3 6. Qxc3 d6 7. d4 Nbd7 8. g3 b6 9. Bg2 Bb7 10. b4 a5 11. Bb2 Qe7 12. 0-0 Ne4 13. Qc2 f5 14. Rfc1 Rab8 15. bxa5 bxa5 16. a4 c5 17. dxc5 Ndxc5 18. Nd4 Nxf2 19. Kxf2 Bxg2 20. Kxg2 Qb7+ 21. Kg1 Qxb2 22. Nc6 Qxc2 23. Rxc2 Rb6 24. Nd4 Rb4 25. Nb5 Ne4 26. Rd1 Rxa4 27. Nxd6 Nc5 28. Nb5 Rc8 29. Na7 Ra8 30. Nc6 Kf7 31. Ne5+ Ke7 32. Rb2 Kf6 33. Nd7+ Nxd7 34. Rxd7 Rxc4 35. Rbb7 a4 36. Rf7+ Ke5 37. Ra7 Rcc8 38. Rfc7 Rxc7 39. Rxa8 Rc4 40. Rd8 a3 41. Ra8 Rc3 42. Ra4 g5 43. Kf2 h5 44. Ke1 f4 45. gxf4+ gxf4 46. h4 Kf5 47. Kf2 Kg4 48. Re4 Re3 49. Rc4 e5 50. Rc8 Kxh4 51. Rg8 Rb3 52. Rg7 a2 53. Ra7 Rb2 54. Kf3 Kg5 55. Ra6 Kf5 56. Ra5 h4 57. Ra8 h3 58. Rf8+ Ke6 59. Re8+ Kf7 0-1

[Event "Toronto-A2"]
[Site "Toronto"]
[Date "2009.02.09"]
[Round "3"]
[White "Frilles, Ruperto"]
[Black "Kimelman, Michael"]
[Result "1-0"]
[WhiteElo "2096"]
[BlackElo "2273"]
[PlyCount "75"]
[EventDate "2009.01.27"]
[EventType "tourn"]
[EventRounds "9"]
[EventCountry "CAN"]
[SourceTitle "EXT 2011"]
[Source "ChessBase"]
[SourceDate "2010.11.26"]
[SourceVersion "1"]
[SourceVersionDate "2010.11.26"]
[SourceQuality "1"]

1. e4 c5 2. c4 Nc6 3. Nc3 e6 4. g3 Nf6 5. Bg2 Be7 6. d3 d6 7. Nge2 Qc7 8. 0-0 b6 9. h3 Bb7 10. a3 Rd8 11. f4 0-0 12. b3 Rd7 13. Bb2 Rfd8 14. f5 exf5 15. Rxf5 a6 16. Rb1 Ba8 17. Qf1 Ne5 18. Nf4 b5 19. cxb5 Qa7 20. b6 Qxb6 21. Rxf6 Bxf6 22. Ncd5 Bxd5 23. Nxd5 Qa5 24. Nxf6+ gxf6 25. Qxf6 Qd2 26. Bxe5 dxe5 27. Rf1 Qxd3 28. Qg5+ Kf8 29. Qh6+ Ke8 30. Qg7 Re7 31. h4 Qe3+ 32. Kh2 Rd2 33. Qg8+ Kd7 34. Rxf7 Qh6 35. Rf8 Kc7 36. Rb8 Qe6 37. Qh8 Rb2 38. Qd8+ 1-0

[Event "Toronto-A2"]
[Site "Toronto"]
[Date "2009.01.27"]
[Round "1"]
[White "Sapozhnikov, Roman"]
[Black "Kimelman, Michael"]
[Result "1-0"]
[WhiteElo "2274"]
[BlackElo "2273"]
[PlyCount "43"]
[EventDate "2009.01.27"]
[EventType "tourn"]
[EventRounds "9"]
[EventCountry "CAN"]
[SourceTitle "EXT 2011"]
[Source "ChessBase"]
[SourceDate "2010.11.26"]
[SourceVersion "1"]
[SourceVersionDate "2010.11.26"]
[SourceQuality "1"]

1. e4 c5 2. Nf3 e6 3. Nc3 Nc6 4. Bb5 Nd4 5. Nxd4 cxd4 6. Ne2 Qg5 7. Bc4 Qxg2 8. Ng3 d3 9. Bxd3 Bc5 10. Qe2 Nf6 11. b4 Bxb4 12. Bb2 Bc5 13. e5 Nh5 14. Qxh5 Bxf2+ 15. Kd1 Bxg3 16. hxg3 Qxg3 17. Rf1 g6 18. Qh6 Qg4+ 19. Kc1 b5 20. Qg7 Rf8 21. Bxb5 Qb4 22. a4 1-0

[Event "Toronto-A1"]
[Site "Toronto"]
[Date "2008.03.18"]
[Round "9"]
[White "Starr, Nava"]
[Black "Kimelman, Michael"]
[Result "0-1"]
[WhiteElo "2135"]
[BlackElo "2273"]
[PlyCount "70"]
[EventDate "2008.01.22"]
[EventType "tourn"]
[EventRounds "9"]
[EventCountry "CAN"]
[SourceTitle "EXT 2011"]
[Source "ChessBase"]
[SourceDate "2010.11.26"]
[SourceVersion "1"]
[SourceVersionDate "2010.11.26"]
[SourceQuality "1"]

1. e4 c5 2. c3 Nf6 3. e5 Nd5 4. d4 e6 5. Nf3 Nc6 6. Nbd2 cxd4 7. cxd4 Bb4 8. Bc4 Nf4 9. 0-0 d5 10. exd6 Bxd6 11. Ne4 0-0 12. Nxd6 Qxd6 13. Ne5 Nxg2 14. Kxg2 Nxe5 15. dxe5 Qc6+ 16. Qf3 Qxc4 17. Rd1 f6 18. b3 Qb5 19. Ba3 Bd7 20. Rxd7 Qxd7 21. Rd1 Qb5 22. Bxf8 Rxf8 23. Qe3 fxe5 24. Rd6 Rf6 25. h3 Rg6+ 26. Kh2 h6 27. Qd3 Qc5 28. Qxg6 Qxd6 29. h4 e4+ 30. Kh3 Qe5 31. Kg4 e3 32. f4 Qd5 33. Qc2 Qd2 34. Qc8+ Kh7 35. Qxe6 Qg2+ 0-1

[Event "Toronto-A1"]
[Site "Toronto"]
[Date "2008.03.11"]
[Round "8"]
[White "Kimelman, Michael"]
[Black "Barron, Michael"]
[Result "0-1"]
[WhiteElo "2273"]
[BlackElo "2351"]
[PlyCount "176"]
[EventDate "2008.01.22"]
[EventType "tourn"]
[EventRounds "9"]
[EventCountry "CAN"]
[SourceTitle "EXT 2011"]
[Source "ChessBase"]
[SourceDate "2010.11.26"]
[SourceVersion "1"]
[SourceVersionDate "2010.11.26"]
[SourceQuality "1"]

1. e4 e5 2. Nf3 Nc6 3. d4 exd4 4. Nxd4 Bc5 5. Be3 Qf6 6. c3 Nge7 7. g3 d5 8. Bg2 dxe4 9. Nb5 Bxe3 10. Nxc7+ Kf8 11. 0-0 Rb8 12. fxe3 Qe5 13. Qb3 f5 14. Nb5 Be6 15. Qa4 g6 16. Qxe4 Qxe4 17. Bxe4 Bc4 18. N1a3 Bxf1 19. Rxf1 Kg7 20. Bg2 Rhd8 21. Nd4 Kf6 22. Nac2 Ke5 23. Re1 Kf6 24. Rf1 Nxd4 25. Nxd4 Ke5 26. Re1 Nd5 27. e4 fxe4 28. Bxe4 Kf6 29. Rf1+ Ke7 30. Re1 Kf7 31. Rf1+ Nf6 32. Bc2 Re8 33. Bb3+ Ke7 34. Ne6 Nd7 35. Re1 Kf6 36. g4 Ne5 37. g5+ Kf5 38. Rf1+ Kg4 39. Rf4+ Kh3 40. Bd5 Ng4 41. Rf7 h5 42. Rf3+ Kh4 43. Kg2 Rxe6 44. Bxe6 Kxg5 45. Bxg4 Kxg4 46. Rf7 Rd8 47. h3+ Kh4 48. Rf4+ Kg5 49. Rf2 Rd3 50. c4 h4 51. Rc2 Rg3+ 52. Kh2 Kf4 53. c5 Re3 54. b4 a6 55. Kg2 Rg3+ 56. Kh2 Ra3 57. Kg2 g5 58. Re2 Ra4 59. Rb2 Ke4 60. Kf2 Ra3 61. Kg2 Rg3+ 62. Kh2 Kd4 63. Rd2+ Kc3 64. Rd7 Kxb4 65. Rxb7+ Kxc5 66. Rc7+ Kb4 67. Rb7+ Ka4 68. Rb6 a5 69. Rb2 Ka3 70. Rd2 a4 71. Re2 g4 72. hxg4 Rxg4 73. Kh3 Rb4 74. Rf2 Rb2 75. Rf4 Rxa2 76. Rxh4 Rf2 77. Kg3 Rf8 78. Re4 Kb3 79. Re3+ Kc2 80. Re7 a3 81. Rc7+ Kb2 82. Rb7+ Ka1 83. Ra7 a2 84. Rb7 Rf1 85. Kg2 Rb1 86. Rf7 Kb2 87. Rf2+ Kb3 88. Rf3+ Kc4 0-1

[Event "Toronto-A1"]
[Site "Toronto"]
[Date "2008.03.04"]
[Round "7"]
[White "Kimelman, Michael"]
[Black "Yuan, Yuanling"]
[Result "0-1"]
[WhiteElo "2273"]
[BlackElo "2170"]
[PlyCount "101"]
[EventDate "2008.01.22"]
[EventType "tourn"]
[EventRounds "9"]
[EventCountry "CAN"]
[SourceTitle "EXT 2011"]
[Source "ChessBase"]
[SourceDate "2010.11.26"]
[SourceVersion "1"]
[SourceVersionDate "2010.11.26"]
[SourceQuality "1"]

1. e4 c5 2. Nf3 d6 3. d4 cxd4 4. Nxd4 Nf6 5. Nc3 g6 6. Be2 Bg7 7. 0-0 0-0 8. Be3 Nc6 9. f4 Qb6 10. Qd3 Ng4 11. Nxc6 Nxe3 12. Nxe7+ Kh8 13. Na4 Qd4 14. Rf2 Ng4 15. Bxg4 Bxg4 16. Nc3 Qxd3 17. cxd3 Bd4 18. Kf1 Bxf2 19. Kxf2 Bd7 20. h3 Bc6 21. f5 Kg7 22. Ke3 Rae8 23. Rf1 f6 24. Ned5 Rf7 25. g4 g5 26. Rc1 Bd7 27. Nc7 Rc8 28. N3d5 Kg8 29. Rc3 h6 30. Kd4 Kg7 31. Ra3 a6 32. Rc3 Bc6 33. Ne6+ Kh8 34. Nb6 Re8 35. Ke3 Kg8 36. d4 Rb8 37. d5 Be8 38. Kd4 Re7 39. h4 Rf7 40. hxg5 hxg5 41. Nc8 Rd7 42. Nb6 Rh7 43. Nc8 Rd7 44. Ke3 Kf7 45. Nb6 Re7 46. e5 dxe5 47. Ke4 Bd7 48. Rc7 Ke8 49. d6 Rf7 50. Kd5 Bc6+ 51. Kc5 0-1

[Event "Toronto-A1"]
[Site "Toronto"]
[Date "2008.02.05"]
[Round "3"]
[White "Plotkin, Victor"]
[Black "Kimelman, Michael"]
[Result "0-1"]
[WhiteElo "2310"]
[BlackElo "2273"]
[PlyCount "72"]
[EventDate "2008.01.22"]
[EventType "tourn"]
[EventRounds "9"]
[EventCountry "CAN"]
[SourceTitle "EXT 2011"]
[Source "ChessBase"]
[SourceDate "2010.11.26"]
[SourceVersion "1"]
[SourceVersionDate "2010.11.26"]
[SourceQuality "1"]

1. e4 c5 2. Nc3 Nc6 3. g3 Nf6 4. Bg2 e6 5. Nge2 d5 6. exd5 exd5 7. d4 cxd4 8. Nxd4 Qb6 9. Nb3 d4 10. Ne2 Bb4+ 11. Bd2 0-0 12. 0-0 Bg4 13. h3 Bxe2 14. Qxe2 Rad8 15. Bxb4 Qxb4 16. Rad1 Rd6 17. Bxc6 bxc6 18. c3 dxc3 19. bxc3 Qa3 20. Qe7 Nd5 21. Qe5 Re6 22. Qd4 Qxa2 23. Nc5 Re2 24. Ra1 Qb2 25. Rxa7 Nxc3 26. Rb7 Qc2 27. Qd6 Ne4 28. Nxe4 Qxe4 29. Rc7 Rc2 30. Rd1 h6 31. Qd3 Qa4 32. Qd6 g6 33. Re1 Qc4 34. Ree7 Rc1+ 35. Kh2 Qc3 36. Qe5 Qf3 0-1